Normal view
MARC view
- Zook, Ze
Entry Personal Name
001 - CONTROL NUMBER
- control field: 33893
003 - CONTROL NUMBER IDENTIFIER
- control field: OSt
005 - DATE AND TIME OF LATEST TRANSACTION
- control field: 20141028141508.0
008 - FIXED-LENGTH DATA ELEMENTS
- fixed length control field: 131001|| aca||aabn | a|a d
040 ## - CATALOGING SOURCE
- Original cataloging agency: OSt
- Transcribing agency: OSt
100 1# - HEADING--PERSONAL NAME
- Personal name: Zook, Ze
670 ## - SOURCE DATA FOUND
- Source citation: Work cat.: (OSt)0: Smith, P. R. (Paul Russell), 1957- 33891, Marketing communications :, 2011.